00431 a2200133 4500001001000000005001700010008004100027245008600068100002300154700002800177700003200205773004300237999001700280ART_2620520260410161937.0260409a 10aAdopción de las normas internacionales de información financiera en Argentina1 aMartín, Oscar D.1 aNannini, María Susana1 aVázquez, Claudia Mónica0 tSaberEsg- Nº 2 (jun. 2010)wREV26089 c29097d29097